00769nam a2200241 a 4500001001300000003000900013005001700022008004100039020002300080082001500103100001900118245009800137260004300235300000900278500003500287505002400322650001400346700001900360902000800379942000700387952011600394999001700510nice12345678IN_TiNIC20260116014008.0121015s1991 lona grp 000 0 eng  a9780007272921c39900a291.4bCAP aCapra, Fritjof aTao of Physicsb An Exploration of the Parallels Between Modern Physics and Eastern Mysticism aLondon bCollins Religious Pub. c1991 a412p aincludes index and biblioraphy2 aBibliography, Index aMysticism1 aCapra, Fritjof bSRS cBK 001040708StackRoom-aHMIbHMId2012-10-15g399.00l0o291.4 CAPp023883r2012-10-15v399.00w2012-10-15yBK c13420d13420